| 000 | 03979cam a22006254i 4500 | ||
|---|---|---|---|
| 003 | PE-LiUPU | ||
| 005 | 20260406173240.0 | ||
| 008 | 150828s2012 ck r 000 0 spa d | ||
| 020 | _a9789587157291 | ||
| 035 | _a(Sirsi) i9789587157291 | ||
| 040 |
_aPE-LiUPU _bspa _dPE-LiUPU _erda _cPE-LiUPU |
||
| 049 | _aPRUA | ||
| 082 | 0 | 4 |
_a158.2 _bM31s |
| 100 | 1 |
_aMaxwell, John C., _eautor. |
|
| 245 | 1 | 0 |
_aSeamos personas de influencia / _cJohn C. Maxwell,Jim Dornan. |
| 250 | _aPrimera edición. | ||
| 264 | 1 |
_aBogotá, Colombia : _bSociedad de San Pablo, _c2012. |
|
| 300 |
_a156 páginas ; _c22 centímetros |
||
| 336 |
_atext _2rdacontent |
||
| 337 |
_aunmediated _2rdamedia |
||
| 338 |
_avolume _2rdacarrier |
||
| 505 | 0 | _aUna persona influyente tiene... la integridad genuina no está a la venta -- La integridad trata acerca de cosas pequeñas -- La integridad es un trabajo interno -- La integridad es la mejor amiga de sus amigos -- La confianza: el beneficio de la integridad -- Conviértase en una persona íntegra -- Puntos para verificar la influencia -- Naturaleza del cuidado -- El cuidador influyente es un dador -- Lo que reciben -- Cómo llegar a ser un cuidador natural -- Puntos para verificar la influencia -- Actos de fe en las personas -- La fe es creer en la acción -- Cómo convertirse en un creyente en las personas -- Puntos para verificar la influencia -- El valor de escuchar -- Lo que comúnmente impide que escuchemos -- Cómo desarrollar destrezas auditivas -- Puntos para verificar la influencia -- Entender a las personas paga grandes dividendos -- Por qué las personas no entienden a los demás -- Lo que todos necesitan entender acerca de las personas -- Elija entender a otros -- Puntos par verificar la influencia -- ¿Qué significa ser mentor? -- Desarrollar a otros en una inversión -- Conviértase en alguien que desarrollará -- Haga del proceso de desarrollo una prioridad -- Puntos para verificar la influencia -- El guía identifica el destino -- El guía traza el curso -- El guía anticipa las cosas -- El guía hace correcciones en la trayectoria -- El guía se queda con el pueblo Puntos para verificar la influencia -- Conectarse capacita a otros para viajar a un nivel superior -- Nueve pasos par conectarse con las personas -- Puntos para verificar la influencia -- Lo que significa impulsar y facultar a otros -- Cualidades de alguien que faculta -- Cómo facultar a otros hasta alcanzar su potencial -- Resultados de facultar -- Puntos para verificar la influencia -- El poder de la multiplicación -- Despierte el reproductor que tiene dentro -- Puntos para verificar la influencia. | |
| 526 | _aSEG68 | ||
| 526 | _aSEG70 | ||
| 526 | _aSEG69 | ||
| 526 | _aSEG67 | ||
| 526 | _aSEG43 | ||
| 526 | _aP144 | ||
| 526 | _aP143 | ||
| 526 | _aP131 | ||
| 526 | _aP122 | ||
| 526 | _aP120 | ||
| 526 | _aP117 | ||
| 526 | _aP112 | ||
| 526 | _aP110 | ||
| 526 | _aP106 | ||
| 526 | _aP101 | ||
| 526 | _aP80 | ||
| 526 | _aP59 | ||
| 526 | _aP54 | ||
| 526 | _aP35 | ||
| 526 | _aP33 | ||
| 526 | _aP30 | ||
| 650 | 4 |
_aÉxito _xAspectos psicológicos. _95209 |
|
| 650 | 4 | _aInfluencia (Psicología). | |
| 700 | 1 |
_aDornan, Jim, _eautor. |
|
| 856 | 4 | 2 | _uhttp://e-comunidad.org/biblioteca/catalogo/_data/publicacion/20150702142542_seamos%20personas%20de%20influencia.pdf |
| 856 | 4 | 2 | _uhttp://e-comunidad.org/biblioteca/catalogo/_data/publicacion/20150702142542_seamos%20personas%20de%20influencia.pdf |
| 856 | 4 | 2 | _uhttp://e-comunidad.org/biblioteca/catalogo/_data/publicacion/20150702142542_seamos%20personas%20de%20influencia.pdf |
| 910 | _aaas | ||
| 942 |
_2ddc _cBOOK |
||
| 949 |
_aPGT 158.2 M31 _wDEWEY _c1 _i71795 _d2015-10-4 _lCCODEBUL1 _mBUL _p13.00 _q1 _r0 _sY _tBOOK _u2015-8-28 _xTEOLOGIA _0COMPRA _o.CIRCNOTE. No olvidar cambiar la fecha de devolución!!!!!!! _o.STAFF. Posgrado |
||
| 980 |
_818226 _gJaime Vilcazán Jefe de Análisis Documental |
||
| 999 |
_c6934 _d6934 |
||